00415nam a2200181Ia 4500008004100000020001400041050001400055100002300069245001800092245002300110260001500133260001600148260000900164300001400173300002700187300001100214500000800225170918s9999 xx 000 0 und d a590132075 bW224 1989 aWalsh, Ellen Stoll aMouse paint / cEllen Stoll Walsh. aNew York : bScholastic, c1989 aunpaged : bcolored illustration ; c18cm.  a250